POSITIVE PSYCHLOGY (Record no. 19399)
[ view plain ]
| 000 -LEADER | |
|---|---|
| fixed length control field | 00333nam a22001577a 4500 |
| 003 - CONTROL NUMBER IDENTIFIER | |
| control field | SGT |
| 020 ## - INTERNATIONAL STANDARD BOOK NUMBER | |
| International Standard Book Number | 9789332537927 |
| 082 ## - DEWEY DECIMAL CLASSIFICATION NUMBER | |
| Classification number | 150.1988,BAU |
| 100 ## - MAIN ENTRY--PERSONAL NAME | |
| Personal name | BAUMGARDNER,STEVE |
| 245 ## - TITLE STATEMENT | |
| Title | POSITIVE PSYCHLOGY |
| 250 ## - EDITION STATEMENT | |
| Edition statement | 8TH |
| 260 ## - PUBLICATION, DISTRIBUTION, ETC. (IMPRINT) | |
| Place of publication, distribution, etc | NOIDA |
| Name of publisher, distributor, etc | PEARSON |
| Year of Publication | 2019 |
| 300 ## - PAGE DESCRIPTION | |
| No. of Pages | 334 |
| 650 ## - SUBJECT ADDED ENTRY--TOPICAL TERM | |
| Topical term or geographic name as entry element | PSYCHOLOGY |
| 942 ## - ADDED ENTRY ELEMENTS (KOHA) | |
| Source of classification or shelving scheme | Dewey Decimal Classification |
| Koha item type | Books |
| 942 ## - ADDED ENTRY ELEMENTS (KOHA) | |
| -- | 31 |
| Withdrawn status | Lost status | Source of classification or shelving scheme | Damaged status | Not for loan | Collection code | Home library | Current library | Shelving location | Date acquired | Vendor Name | Cost, normal purchase price | SGTU | Bill Number | Total Checkouts | Full call number | Accession No. (Barcode) | Date last seen | Date last borrowed | Bill Date | Koha item type | Total Renewals |
|---|---|---|---|---|---|---|---|---|---|---|---|---|---|---|---|---|---|---|---|---|---|
| Dewey Decimal Classification | ENGINEERING | SGT Engineering Library | SGT Engineering Library | Text Book | 04/11/2019 | AHUJA BOOK COMPANY | 439.00 | SGTU | 11497 | 11 | 150.1988,BAU | FE7721 | 30/12/2024 | 16/12/2024 | 19/10/2019 | Books | |||||
| Dewey Decimal Classification | ENGINEERING | SGT Engineering Library | SGT Engineering Library | Text Book | 04/11/2019 | AHUJA BOOK COMPANY | 439.00 | SGTU | 11497 | 6 | 150.1988,BAU | FE7722 | 11/09/2025 | 11/09/2025 | 19/10/2019 | Books | |||||
| Dewey Decimal Classification | ENGINEERING | SGT Engineering Library | SGT Engineering Library | Text Book | 04/11/2019 | AHUJA BOOK COMPANY | 439.00 | SGTU | 11497 | 9 | 150.1988,BAU | FE7723 | 07/11/2024 | 23/10/2024 | 19/10/2019 | Books | |||||
| Dewey Decimal Classification | ENGINEERING | SGT Engineering Library | SGT Engineering Library | Text Book | 04/11/2019 | AHUJA BOOK COMPANY | 439.00 | SGTU | 11497 | 8 | 150.1988,BAU | FE7724 | 27/12/2024 | 04/12/2024 | 19/10/2019 | Books | 1 | ||||
| Dewey Decimal Classification | ENGINEERING | SGT Engineering Library | SGT Engineering Library | Text Book | 04/11/2019 | AHUJA BOOK COMPANY | 439.00 | SGTU | 11497 | 7 | 150.1988,BAU | FE7725 | 08/05/2026 | 24/03/2026 | 19/10/2019 | Books |